000 00428nam a22001457a 4500
999 _c1140
_d1140
008 160224b xxu||||| |||| 00| 0 eng d
082 _22012
_aDC 133.427
_bOk1m
100 _93202
_aOkawa, Ryuho
245 _aThe modern day exorcist/
_cRyuho Okawa.
260 _aTokyo, Japan :
_bHappy Science,
_cc2012.
300 _a71 pages ;
_c21 cm.
650 0 _93203
_aExorcism
650 0 _93204
_aExorcism
_xBiography.
942 _2ddc
_cDC